000 01117nam2a22002531 4500
001 RU\NLR\Per\926451
005 20250617200940.0
035 _a(NLR Aleph) 003162870
090 _a3119014
_c3119014
100 _a20130304d2012 |||y0rusy50 ca
101 0 _arus
102 _aRU
105 _ay |||||||||
200 0 _a2012, 2 (30)
210 _d2012
_aБ. м.
461 0 _1001RU\NLR\INFOCOMM18\1000207505
_12001#$aСевер и рынок$eФормирование экон. порядка$eНауч.-информ. бюл.$fРос. акад. наук. Кольск. науч. центр, Ин-т экон. пробл.$v2012, 2 (30)
_93043659
_cАпатиты
_d1998 -
_fРос. акад. наук. Кольск. науч. центр, Ин-т экон. пробл.
_nБ. и.
_oФормирование экон. порядка : Науч.-информ. бюл.
_tСевер и рынок
_x2220-802X
_v2012, 2 (30)
801 1 _aRU
_bInfoComm
_c20041025
801 0 _aRU
_bNLR
_gPSBO
801 2 _aRU
_bNLR
_c20080730
_2rusmarc
852 _aNLR
_jП23/4436
942 _cISSUE
980 _aNB
980 _aRUSPER